01057nem a2200301 4500001001100000003000800011006001900019007001500038008004100053034000600094040002100100035002100121050002500142050002300167052000900190245003700199246006200236255001800298260003200316300003000348533015200378651002000530651001400550655002900564710002000593710001700613856012500630ebr5008741CaPaEBRm u cr cn|||||||||101210s1999 xx s a s 0 eng d0 aa aCaPaEBRcCaPaEBR a(OCoLC)70452279214aDS376.9b.P35 1999eb14aG7640 1999b.P35eb a764000aPakistanh[electronic resource].3 iTitle from title screen:aHypsometric map, Asia, Pakistan aScale varies. a[S.l.] :bMaps.com,cc1999. a1 online resource (1 map) aElectronic reproduction.bPalo Alto, Calif. :cebrary,d2011.nAvailable via World Wide Web.nAccess may be limited to ebrary affiliated libraries. 0aPakistanvMaps. 0aPakistan. 7aElectronic books.2local2 aMaps.com (Firm)2 aebrary, Inc.40uhttp://site.ebrary.com/lib/rucke/Doc?id=5008741zAn electronic book accessible through the World Wide Web; click to view